Introduction to environmental engineering and science / (Record no. 27129)

MARC details
000 -LEADER
fixed length control field 00983naa a2200277 4500
005 - DATE AND TIME OF LATEST TRANSACTION
control field 20090602111531.0
008 - FIXED-LENGTH DATA ELEMENTS--GENERAL INFORMATION
fixed length control field 080820t xxu||||| |||| 00| 0 eng d
010 ## - LCCN (DPL NO)
LC control number ENG-93829
020 ## - INTERNATIONAL STANDARD BOOK NUMBER
International Standard Book Number 9788120336919
Terms of availability 350.00
035 ## - SYSTEM CONTROL NUMBER
System control number EN-77362
037 ## - SOURCE OF ACQUISITION
Source of stock number/acquisition DBAD / PUB
040 ## - CATALOGING SOURCE
Original cataloging agency dpl
Language of cataloging English
082 ## - DEWEY DECIMAL CLASSIFICATION NUMBER
Classification number 628
100 ## - MAIN ENTRY--PERSONAL NAME
Personal name Masters, Gilbert M.
245 ## - TITLE STATEMENT
Title Introduction to environmental engineering and science /
Statement of responsibility, etc by Gilbert M. Masters [and] Wendell P. Ela
250 ## - EDITION STATEMENT
Edition statement 3rd ed.
260 ## - PUBLICATION, DISTRIBUTION, ETC. (IMPRINT)
Place of publication, distribution, etc New Delhi
Name of publisher, distributor, etc PHI Learning
Date of publication, distribution, etc 2008
270 ## - ADDRESS
Address M-97, Connaught Circus
City New Delhi
State or province Delhi
Postal code 110001
300 ## - PHYSICAL DESCRIPTION
Extent xii, 708p.
Dimensions 25cm(pbk)
500 ## - GENERAL NOTE
General note Includes index
650 ## - SUBJECT ADDED ENTRY--TOPICAL TERM
Topical term or geographic name as entry element Environmental engineering.
650 ## - SUBJECT ADDED ENTRY--TOPICAL TERM
Topical term or geographic name as entry element Environmental protection.
700 ## - ADDED ENTRY--PERSONAL NAME
Personal name Ela, Wendell P.
942 ## - ADDED ENTRY ELEMENTS (KOHA)
Institution code [OBSOLETE] dpl
Item type English Books
Source of classification or shelving scheme Dewey Decimal Classification
Call number suffix MAS
Classification part 628
Holdings
Withdrawn status Lost status Source of classification or shelving scheme Damaged status Not for loan Collection code Home library Current library Date acquired Source of acquisition Cost, normal purchase price Total Checkouts Full call number Barcode Date last seen Copy number Cost, replacement price Koha item type
    Dewey Decimal Classification   Not For Loan Non-fiction D.B.Act.Division D.B.Act.Division 02/06/2009 DBAD / PUB 350.00   628 MAS EN-77362 02/06/2009 1 350.00 English Books

© Delhi Public Library
Hit Counter
free hit counter